000 00643nam a2200241Ia 4500
003 OSt
005 20220923214608.0
006 a|||||r|||| 00| 0
007 ta
008 220922b |||||||| |||| 00| 0 hin d
024 _a171,169
037 _cTextual
040 _aARTS
_cARTS
_bhin
041 _2hin
_ahin
082 _aO152:3N14:23, J6
100 _aयशपाल
245 0 _aअभिशप्त
246 _aAbhishapta
260 _c1956
490 _aविप्लव प्रकशन संख्या; 11
942 _hO152:3N14:23, J6
_cTEXL
_2CC
999 _c325394
_d325394